[Event "Salento op 2nd"]
[Site "Gallipoli"]
[Date "2013.05.25"]
[Round "1"]
[White "Dedijer, Sanja"]
[Black "Horvath, Csaba"]
[Result "0-1"]
[WhiteElo "2018"]
[BlackElo "2516"]
[PlyCount "104"]
[EventDate "2013.05.25"]
[EventType "swiss"]
[EventRounds "9"]
[EventCountry "ITA"]
[SourceTitle "CBM 154 Extra"]
[Source "ChessBase"]
[SourceDate "2013.06.25"]
[SourceVersion "2"]
[SourceVersionDate "2013.06.25"]
[SourceQuality "1"]

1. d4 Nf6 2. Nf3 c5 3. g3 cxd4 4. Nxd4 d5 5. Bg2 e5 6. Nb3 Be6 7. 0-0 Be7 8. c4 Nc6 9. cxd5 Nxd5 10. Bd2 0-0 11. Nc3 Nb6 12. Ne4 Na4 13. Qc1 Rc8 14. Be3 Nd4 15. Qd2 Rc2 16. Nxd4 Rxd2 17. Nxe6 fxe6 18. Bxd2 Nxb2 19. Rfc1 Na4 20. Rab1 b6 21. Be3 Bc5 22. Nxc5 Nxc5 23. Rxc5 bxc5 24. Bxc5 Rf7 25. Bh3 Rc7 26. Bxe6+ Kh8 27. Bd6 Rc6 28. Rb8 Rxd6 29. Rxd8+ Rxd8 30. e4 g5 31. Kg2 Kg7 32. h4 gxh4 33. gxh4 Kf6 34. Bd5 Rd7 35. Kg3 Rg7+ 36. Kh3 Ke7 37. Bb3 Kd6 38. h5 h6 39. Kh4 Kc5 40. f3 Kd4 41. Be6 Ke3 42. Bg4 Kf4 43. Kh3 Rc7 44. a4 Rc2 45. Be6 Kxf3 46. Bd5 a5 47. Bf7 Rb2 48. Bd5 Kf4 49. Bc6 Ra2 50. Bd7 Kxe4 51. Kg3 Ra1 52. Bc6+ Kf5 0-1

[Event "BIH-chT (Women) 11th"]
[Site "Jahorina"]
[Date "2012.06.06"]
[Round "5.2"]
[White "Dedijer, Sanja"]
[Black "Hadziselimovic, Bernardina"]
[Result "1-0"]
[WhiteElo "2058"]
[BlackElo "1844"]
[PlyCount "83"]
[EventDate "2012.06.02"]
[EventType "team-tourn"]
[EventRounds "5"]
[EventCountry "BIH"]
[SourceTitle "CBM 148 Extra"]
[Source "ChessBase"]
[SourceDate "2012.06.22"]
[SourceVersion "1"]
[SourceVersionDate "2012.06.22"]
[SourceQuality "1"]
[WhiteTeam "Sarajevo Slavija (W)"]
[BlackTeam "Zenica (W)"]
[WhiteTeamCountry "BIH"]
[BlackTeamCountry "BIH"]

1. d4 Nf6 2. Nf3 e6 3. g3 c5 4. Bg2 d5 5. 0-0 Nbd7 6. c4 Ne4 7. Nc3 Ndf6 8. Bf4 Nxc3 9. bxc3 Ne4 10. Qb3 Qa5 11. Rac1 Bd6 12. cxd5 Bxf4 13. gxf4 c4 14. Qxc4 exd5 15. Qb4 Qxb4 16. cxb4 b6 17. Ng5 f5 18. Rc7 0-0 19. Rfc1 h6 20. Nxe4 fxe4 21. e3 Bg4 22. R1c6 Rac8 23. Rxc8 Rxc8 24. Rxc8+ Bxc8 25. f3 Bf5 26. fxe4 dxe4 27. Kf2 Kf7 28. Ke2 Ke6 29. Kd2 Kd5 30. Kc3 b5 31. Bf1 a6 32. a4 Bd7 33. axb5 Bxb5 34. Bh3 h5 35. Bc8 Bd3 36. Bb7+ Kd6 37. d5 h4 38. Kd4 Kc7 39. Bc6 Kd6 40. Be8 Ke7 41. Bg6 Kf6 42. Bxe4 1-0

[Event "BIH-chT (Women) 11th"]
[Site "Jahorina"]
[Date "2012.06.03"]
[Round "2.2"]
[White "Popadic, Mirjana"]
[Black "Dedijer, Sanja"]
[Result "1/2-1/2"]
[WhiteElo "1572"]
[BlackElo "2058"]
[PlyCount "64"]
[EventDate "2012.06.02"]
[EventType "team-tourn"]
[EventRounds "5"]
[EventCountry "BIH"]
[SourceTitle "CBM 148 Extra"]
[Source "ChessBase"]
[SourceDate "2012.06.22"]
[SourceVersion "1"]
[SourceVersionDate "2012.06.22"]
[SourceQuality "1"]
[WhiteTeam "Bileca (W)"]
[BlackTeam "Sarajevo Slavija (W)"]
[WhiteTeamCountry "BIH"]
[BlackTeamCountry "BIH"]

1. d4 d5 2. Nf3 Nf6 3. g3 c6 4. Bg2 Bg4 5. Nbd2 Nbd7 6. c3 e6 7. 0-0 Bd6 8. Re1 0-0 9. Qb3 Qb6 10. e4 dxe4 11. Ng5 Bf5 12. Ngxe4 Be7 13. Nxf6+ Nxf6 14. Nc4 Qxb3 15. axb3 Nd5 16. Na5 Rab8 17. Bxd5 cxd5 18. Bf4 Ra8 19. Nxb7 Rfc8 20. Nd6 Bxd6 21. Bxd6 a6 22. Ra5 Bc2 23. Rea1 Rc6 24. Bc5 Bxb3 25. R1a3 Bc4 26. b3 Bd3 27. f4 f6 28. Kf2 Rac8 29. Ke3 Bb5 30. b4 Kf7 31. Ra2 Bc4 32. Rf2 Rg8 1/2-1/2

[Event "Sarajevo Bosna op-B 42nd"]
[Site "Sarajevo"]
[Date "2012.05.09"]
[Round "7"]
[White "Dedijer, Sanja"]
[Black "Petrovic, Marija"]
[Result "0-1"]
[WhiteElo "2058"]
[BlackElo "2189"]
[PlyCount "118"]
[EventDate "2012.05.05"]
[EventType "swiss"]
[EventRounds "9"]
[EventCountry "BIH"]
[SourceTitle "CBM 148 Extra"]
[Source "ChessBase"]
[SourceDate "2012.06.22"]
[SourceVersion "1"]
[SourceVersionDate "2012.06.22"]
[SourceQuality "1"]

1. d4 g6 2. c4 Bg7 3. Nf3 Nf6 4. Nc3 d6 5. e4 0-0 6. Be2 Nbd7 7. 0-0 e5 8. Re1 Re8 9. Bf1 c6 10. Rb1 a5 11. b3 exd4 12. Nxd4 Nc5 13. f3 Ne6 14. Be3 Nh5 15. Qd2 Qf6 16. Rbd1 h6 17. Nce2 Nxd4 18. Bxd4 Qd8 19. Bxg7 Nxg7 20. Qxd6 Qb6+ 21. c5 Qb4 22. Nf4 Ne6 23. Nd3 Qc3 24. Rc1 Qd4+ 25. Qxd4 Nxd4 26. Nb2 Be6 27. Red1 Red8 28. Rc3 Nb5 29. Rcd3 Rxd3 30. Rxd3 Kf8 31. Kf2 Ke7 32. Ke3 g5 33. Na4 f5 34. Nb6 Rf8 35. Be2 h5 36. Rd2 g4 37. Bc4 gxf3 38. gxf3 fxe4 39. fxe4 Bg4 40. Be2 Ke6 41. Nc4 Nc3 42. Bxg4+ hxg4 43. Rd6+ Ke7 44. Ne5 Rf1 45. Nxg4 Nxa2 46. Kd4 Nc1 47. Ke5 Rf3 48. Re6+ Kd8 49. Rd6+ Kc7 50. Ke6 Nxb3 51. Rd7+ Kb8 52. Rd1 Nxc5+ 53. Ke5 a4 54. Ra1 a3 55. h4 Rh3 56. Nf6 Kc7 57. h5 b5 58. h6 b4 59. Kd4 Nb3+ 0-1

[Event "Olympiad Women-39"]
[Site "Khanty-Mansiysk"]
[Date "2010.09.25"]
[Round "5.28"]
[White "Dedijer, Sanja"]
[Black "Sotomayor Villatoro, Silvi"]
[Result "1-0"]
[WhiteElo "2055"]
[BlackElo "1777"]
[PlyCount "109"]
[EventDate "2010.09.21"]
[EventType "team-swiss"]
[EventRounds "11"]
[EventCountry "RUS"]
[SourceTitle "CBM 139"]
[Source "ChessBase"]
[SourceDate "2010.11.18"]
[SourceVersion "1"]
[SourceVersionDate "2010.11.18"]
[SourceQuality "1"]
[WhiteTeam "Bosnia&Hercegovina (W)"]
[BlackTeam "Guatemala (W)"]
[WhiteTeamCountry "BIH"]
[BlackTeamCountry "GUA"]

1. d4 Nf6 2. Nf3 g6 3. c4 d6 4. Nc3 Bg7 5. e4 Nbd7 6. Be2 0-0 7. 0-0 e5 8. Re1 c6 9. Rb1 Re8 10. d5 Nc5 11. Bf1 a5 12. Bg5 h6 13. Bh4 g5 14. Bg3 Nh5 15. Nd2 Nxg3 16. hxg3 f5 17. exf5 Bxf5 18. Nde4 Nxe4 19. Nxe4 Rf8 20. Rc1 c5 21. Bd3 Qd7 22. Nc3 Rf7 23. Bxf5 Qxf5 24. Qc2 Qd7 25. Ne4 Raf8 26. Qd2 Qd8 27. Rc3 b6 28. Qd1 Qd7 29. Rb3 Rb8 30. Rb5 Bf8 31. Re3 Qf5 32. g4 Qd7 33. Rh3 Rf4 34. f3 Rf7 35. Qd3 Qd8 36. Ng3 Rf6 37. Nh5 Rf7 38. Qg6+ Bg7 39. Nxg7 Rxg7 40. Qe6+ Rf7 41. Rxh6 Qe7 42. Qxd6 Qxd6 43. Rxd6 Rf4 44. b3 e4 45. fxe4 Rxe4 46. Rdxb6 Rxb6 47. Rxb6 Re2 48. Rb5 Rxa2 49. Rxc5 Rb2 50. Rxa5 Rxb3 51. d6 Rd3 52. Rxg5+ Kf7 53. Rd5 Rxd5 54. cxd5 Ke8 55. Kf2 1-0

[Event "Olympiad Women-39"]
[Site "Khanty-Mansiysk"]
[Date "2010.09.24"]
[Round "4.27"]
[White "Ubaldo Suarez, Maria Gisela"]
[Black "Dedijer, Sanja"]
[Result "1-0"]
[WhiteElo "2054"]
[BlackElo "2055"]
[PlyCount "81"]
[EventDate "2010.09.21"]
[EventType "team-swiss"]
[EventRounds "11"]
[EventCountry "RUS"]
[SourceTitle "CBM 139"]
[Source "ChessBase"]
[SourceDate "2010.11.18"]
[SourceVersion "1"]
[SourceVersionDate "2010.11.18"]
[SourceQuality "1"]
[WhiteTeam "Venezuela (W)"]
[BlackTeam "Bosnia&Hercegovina (W)"]
[WhiteTeamCountry "VEN"]
[BlackTeamCountry "BIH"]

1. d4 d5 2. Nf3 Nf6 3. c4 c6 4. Nc3 a6 5. e3 b5 6. cxd5 cxd5 7. Bd3 Bg4 8. 0-0 e6 9. h3 Bh5 10. a4 b4 11. Ne2 Bxf3 12. gxf3 a5 13. e4 Be7 14. e5 Ng8 15. Re1 h5 16. f4 g6 17. Qc2 Nh6 18. Be3 Kf8 19. Rac1 Ra7 20. Kh1 h4 21. Bxg6 fxg6 22. Qxg6 Qb6 23. Rc8+ Bd8 24. f5 Nxf5 25. Qf6+ Ke8 26. Qxh8+ Kd7 27. Rec1 Ne7 28. R8c5 Nbc6 29. Nf4 Rc7 30. Qh6 Na7 31. Qxh4 Rxc5 32. Rxc5 Qa6 33. Kg2 b3 34. Qg4 Nac6 35. Qxe6+ Kc7 36. Nxd5+ Nxd5 37. Qxd5 Kb7 38. Qd7+ Bc7 39. Rb5+ Ka8 40. Qxc7 Nxd4 41. Qb8# 1-0

[Event "Olympiad Women-39"]
[Site "Khanty-Mansiysk"]
[Date "2010.09.23"]
[Round "3.21"]
[White "Khan, Nazrana"]
[Black "Dedijer, Sanja"]
[Result "1-0"]
[WhiteElo "2009"]
[BlackElo "2055"]
[PlyCount "63"]
[EventDate "2010.09.21"]
[EventType "team-swiss"]
[EventRounds "11"]
[EventCountry "RUS"]
[SourceTitle "CBM 139"]
[Source "ChessBase"]
[SourceDate "2010.11.18"]
[SourceVersion "1"]
[SourceVersionDate "2010.11.18"]
[SourceQuality "1"]
[WhiteTeam "Bangladesh (W)"]
[BlackTeam "Bosnia&Hercegovina (W)"]
[WhiteTeamCountry "BAN"]
[BlackTeamCountry "BIH"]

1. d4 d5 2. c4 c6 3. e3 Nf6 4. Nc3 a6 5. Nf3 b5 6. cxd5 cxd5 7. Bd3 Bg4 8. h3 Bh5 9. 0-0 e6 10. a3 Be7 11. e4 dxe4 12. Nxe4 Nbd7 13. a4 b4 14. a5 0-0 15. Bf4 Nxe4 16. Bxe4 Ra7 17. Bd3 Nf6 18. Be5 Nd5 19. Qe2 Bf6 20. Rfd1 Qe7 21. Bg3 Bxf3 22. Qxf3 g6 23. Qe2 Bxd4 24. Bxg6 Bg7 25. Be4 Nf6 26. Bd6 Qe8 27. Bxb4 Nxe4 28. Bxf8 Qxf8 29. Qxe4 Bxb2 30. Rab1 Bc3 31. Qe3 Rc7 32. Qg3+ 1-0

[Event "EU-chT (Women) 08th"]
[Site "Novi Sad"]
[Date "2009.10.30"]
[Round "9"]
[White "Dedijer, Sanja"]
[Black "Gjorgjieva, Ivana"]
[Result "1-0"]
[WhiteElo "2068"]
[BlackElo "1917"]
[PlyCount "85"]
[EventDate "2009.10.22"]
[EventType "team-swiss"]
[EventRounds "9"]
[EventCountry "YUG"]
[SourceTitle "EXT 2010"]
[Source "ChessBase"]
[SourceDate "2010.11.25"]
[SourceVersion "1"]
[SourceVersionDate "2010.11.25"]
[SourceQuality "1"]
[WhiteTeam "Bosnia&Hercegovina (W)"]
[BlackTeam "Macedonia (W)"]
[WhiteTeamCountry "BIH"]
[BlackTeamCountry "MKD"]

1. d4 Nf6 2. c4 e6 3. Nf3 Bb4+ 4. Bd2 a5 5. g3 b6 6. Bg2 Bb7 7. 0-0 Bxd2 8. Nbxd2 d6 9. Qc2 Nbd7 10. e4 e5 11. Rfe1 0-0 12. Rad1 g6 13. Nb1 Qe7 14. Nc3 c6 15. b3 Rac8 16. Qb2 Ba6 17. Bh3 Rcd8 18. Qa3 Bb7 19. dxe5 Nxe5 20. Bg2 Nxf3+ 21. Bxf3 Qc7 22. Rd2 Rd7 23. Red1 Rfd8 24. Bg2 Ne8 25. Bh3 Re7 26. f4 Bc8 27. Bg2 Bg4 28. Rf1 f5 29. h3 Bh5 30. exf5 gxf5 31. Qa4 Rg7 32. Kh2 Rc8 33. Ne2 Nf6 34. Nd4 Ne4 35. Bxe4 fxe4 36. Ne6 Qe7 37. Nxg7 Kxg7 38. g4 Bf7 39. Qa3 h5 40. Qxd6 Qh4 41. gxh5 Re8 42. Rg2+ Kh7 43. Qd4 1-0

[Event "Olympiad Women-38"]
[Site "Dresden"]
[Date "2008.11.14"]
[Round "2"]
[White "Dedijer, Sanja"]
[Black "Perera, Anjana"]
[Result "1-0"]
[WhiteElo "2049"]
[BlackElo "1828"]
[PlyCount "87"]
[EventDate "2008.11.13"]
[EventType "team-swiss"]
[EventRounds "11"]
[EventCountry "GER"]
[SourceTitle "CBM 128"]
[Source "ChessBase"]
[SourceDate "2009.01.28"]
[SourceVersion "1"]
[SourceVersionDate "2009.01.28"]
[SourceQuality "1"]
[WhiteTeam "Bosnia&Hercegovina (W)"]
[BlackTeam "Sri Lanka (W)"]
[WhiteTeamCountry "BIH"]
[BlackTeamCountry "SRI"]

1. d4 Nf6 2. c4 e6 3. Nf3 d5 4. g3 c5 5. Bg2 cxd4 6. Nxd4 Qa5+ 7. Nd2 Bb4 8. cxd5 Nxd5 9. 0-0 Bd7 10. e4 Nf6 11. Nc4 Qc7 12. Qb3 Bc5 13. Bf4 Qc8 14. Nb5 Bxb5 15. Qxb5+ Qc6 16. Qb3 Nbd7 17. Na5 Qb6 18. Qxb6 axb6 19. Nxb7 Bd4 20. Nd6+ Ke7 21. e5 Nd5 22. Bxd5 Ra5 23. Bb3 Nxe5 24. Bxe5 Rxe5 25. Nc4 Re2 26. Rae1 Rxe1 27. Rxe1 b5 28. Na3 Rd8 29. Nxb5 Bxb2 30. Re2 Bc1 31. Rc2 Bd2 32. Na7 Kf6 33. Nb5 Ba5 34. Nc3 Rd4 35. Ne2 Rd7 36. Kg2 Bb4 37. Nc3 Rd4 38. Nb5 Rd7 39. h3 Ba5 40. Na3 h6 41. Nc4 Bb4 42. Ba4 Ra7 43. Bb5 Rb7 44. a4 1-0

[Event "BIH-chT (Women)"]
[Site "Neum"]
[Date "2008.06.10"]
[Round "7"]
[White "Hadziselimovic, Bernardina"]
[Black "Dedijer, Sanja"]
[Result "0-1"]
[WhiteElo "1754"]
[BlackElo "2067"]
[PlyCount "94"]
[EventDate "2008.06.04"]
[EventType "team"]
[EventRounds "7"]
[EventCountry "BIH"]
[SourceTitle "CBM 124 Extra"]
[Source "ChessBase"]
[SourceDate "2008.07.03"]
[SourceVersion "1"]
[SourceVersionDate "2008.07.03"]
[SourceQuality "1"]

1. e4 e6 2. d4 d5 3. Nc3 Nf6 4. Bg5 Bb4 5. e5 h6 6. Bd2 Bxc3 7. bxc3 Ne4 8. Qg4 g6 9. Bd3 Nxd2 10. Kxd2 c5 11. Nf3 Nc6 12. Rhb1 Qe7 13. Rb2 b6 14. Rab1 Bd7 15. Ke1 Rc8 16. Qf4 Na5 17. Nd2 g5 18. Qf3 h5 19. Bb5 Bxb5 20. Rxb5 cxd4 21. cxd4 Rxc2 22. Rxa5 bxa5 23. Rb8+ Kd7 24. Rb7+ Rc7 25. Rxc7+ Kxc7 26. Qc3+ Kb7 27. Qxa5 Qc7 28. Qb5+ Ka8 29. a4 Rb8 30. Qd3 Rb4 31. Nb3 Qc4 32. Nc5 Qxd3 33. Nxd3 Rxd4 34. Nc5 Rc4 35. Nd7 Rxa4 36. Kd2 Ra2+ 37. Ke3 Kb7 38. Nf6 Ra4 39. f3 g4 40. Ne8 gxf3 41. gxf3 Rh4 42. Nd6+ Kc6 43. Nxf7 Rxh2 44. Nd8+ Kd7 45. Nb7 Rc2 46. Nd6 h4 47. Kd3 Ra2 0-1

[Event "BIH-ch (Women)"]
[Site "Ilidza"]
[Date "2008.02.08"]
[Round "8"]
[White "Nesic, Dragana"]
[Black "Dedijer, Sanja"]
[Result "1/2-1/2"]
[WhiteElo "1884"]
[BlackElo "2067"]
[PlyCount "88"]
[EventDate "2008.02.01"]
[EventType "tourn"]
[EventRounds "9"]
[EventCountry "BIH"]
[SourceTitle "CBM 122 Extra"]
[Source "ChessBase"]
[SourceDate "2008.03.04"]
[SourceVersion "1"]
[SourceVersionDate "2008.03.04"]
[SourceQuality "1"]

1. e4 e6 2. d4 d5 3. e5 b6 4. f4 Ne7 5. Nf3 Qd7 6. Bd3 Ba6 7. c3 Bxd3 8. Qxd3 Nbc6 9. Nbd2 Nf5 10. Nf1 Be7 11. g4 Nh4 12. Ng3 Nxf3+ 13. Qxf3 f6 14. 0-0 0-0 15. exf6 gxf6 16. Be3 e5 17. Nf5 exd4 18. cxd4 Rfe8 19. a3 Bf8 20. Bf2 Na5 21. Rfe1 Nc4 22. Qc3 Rxe1+ 23. Rxe1 c6 24. h3 Re8 25. Ne3 Nd6 26. Rc1 Rc8 27. b4 Ne4 28. Qb2 Bd6 29. Ng2 h5 30. Qe2 hxg4 31. Qxg4+ Qxg4 32. hxg4 Nd2 33. Rc2 Nc4 34. Rc3 Re8 35. Ne3 b5 36. Nxc4 dxc4 37. Re3 Kf7 38. Rxe8 Kxe8 39. Be3 Bc7 40. Bd2 Kf7 41. Kf2 f5 42. g5 Kg6 43. Kf3 Bb6 44. Bc3 a6 1/2-1/2

[Event "BIH-ch (Women)"]
[Site "Ilidza"]
[Date "2008.02.06"]
[Round "6"]
[White "Boric, Masa"]
[Black "Dedijer, Sanja"]
[Result "0-1"]
[WhiteElo "1649"]
[BlackElo "2067"]
[PlyCount "110"]
[EventDate "2008.02.01"]
[EventType "tourn"]
[EventRounds "9"]
[EventCountry "BIH"]
[SourceTitle "CBM 122 Extra"]
[Source "ChessBase"]
[SourceDate "2008.03.04"]
[SourceVersion "1"]
[SourceVersionDate "2008.03.04"]
[SourceQuality "1"]

1. d4 d5 2. Nf3 Nf6 3. Bf4 e6 4. e3 Be7 5. Bd3 b6 6. h3 Bb7 7. Nbd2 c5 8. c3 Nc6 9. Bb5 0-0 10. Qa4 Qc8 11. 0-0 a6 12. Be2 b5 13. Qc2 cxd4 14. exd4 b4 15. Rac1 bxc3 16. Qxc3 Nd7 17. Nb3 Qd8 18. Qe3 Re8 19. Rfe1 Bb4 20. Red1 f6 21. a3 Bf8 22. Qd2 Rc8 23. Bf1 Kh8 24. Bh2 Qb6 25. Na1 a5 26. Kh1 a4 27. Rc3 e5 28. dxe5 Ndxe5 29. Nxe5 Nxe5 30. Rxc8 Rxc8 31. f4 Nc4 32. Bxc4 Rxc4 33. Bg1 Qc7 34. g3 h6 35. Kh2 Bc5 36. b3 axb3 37. Nxb3 Rc2 38. Nxc5 Rxd2+ 39. Rxd2 Qa5 40. Re2 Ba6 41. Nxa6 Qxa6 42. Ra2 Qc4 43. Rd2 Qc3 44. Ra2 Qb3 45. Rd2 Qxa3 46. Bf2 Qf3 47. Kg1 Kg8 48. Kf1 Kf7 49. h4 Ke6 50. Re2+ Kf5 51. Re3 Qd1+ 52. Kg2 d4 53. Re1 Qd2 54. Kf1 d3 55. Re8 Qc1+ 0-1

[Event "BIH-ch (Women)"]
[Site "Ilidza"]
[Date "2008.02.03"]
[Round "3"]
[White "Jacimovic, Sara"]
[Black "Dedijer, Sanja"]
[Result "1-0"]
[WhiteElo "1699"]
[BlackElo "2067"]
[PlyCount "125"]
[EventDate "2008.02.01"]
[EventType "tourn"]
[EventRounds "9"]
[EventCountry "BIH"]
[SourceTitle "CBM 122 Extra"]
[Source "ChessBase"]
[SourceDate "2008.03.04"]
[SourceVersion "1"]
[SourceVersionDate "2008.03.04"]
[SourceQuality "1"]

1. e4 c6 2. d4 d5 3. e5 Bf5 4. h4 h6 5. g4 Bg6 6. e6 fxe6 7. Nf3 Nd7 8. Bd3 Be4 9. Rg1 Qa5+ 10. Nc3 0-0-0 11. Bd2 Bxd3 12. cxd3 Qc7 13. Qe2 Ngf6 14. 0-0-0 g6 15. g5 Nh5 16. Rg4 hxg5 17. Nxg5 Ndf6 18. Nxe6 Qd7 19. Rxg6 Qe8 20. Rdg1 Rd6 21. Na4 Qf7 22. Nec5 b6 23. Nb3 Bg7 24. Bb4 Re6 25. Qc2 Bh6+ 26. Bd2 Bf4 27. Kb1 Kb7 28. Nac5+ bxc5 29. Nxc5+ Ka8 30. Nxe6 Qxe6 31. Re1 Qd6 32. Ba5 Qd7 33. Bb4 Bd6 34. Bc5 Nf4 35. Rgg1 Bxc5 36. dxc5 Rxh4 37. Rg7 Ne6 38. Rg3 d4 39. Qc4 Nc7 40. Rg5 Ncd5 41. Qa6 Qb7 42. Qa5 Rh8 43. Qd2 Rb8 44. f4 Qb4 45. Qxb4 Rxb4 46. Re6 Kb7 47. Kc1 Rb5 48. Ree5 Rxc5+ 49. Kd2 Rb5 50. Kc1 Kc7 51. Re2 Kd6 52. Rf2 Ne3 53. Rg7 Nfd5 54. Rg6+ e6 55. f5 Rc5+ 56. Kb1 Nc7 57. f6 Rf5 58. Rxf5 Nxf5 59. Rg8 Nh6 60. Rg7 e5 61. Rh7 Nf5 62. Rxc7 Kxc7 63. f7 1-0